The red and the black / (Record no. 20164)
[ view plain ]
| 000 -LEADER | |
|---|---|
| fixed length control field | 01434cam a22003735a 4500 |
| 001 - CONTROL NUMBER | |
| control field | 13242296 |
| 003 - CONTROL NUMBER IDENTIFIER | |
| control field | EG-ScBUE |
| 005 - DATE AND TIME OF LATEST TRANSACTION | |
| control field | 20220404112752.0 |
| 008 - FIXED-LENGTH DATA ELEMENTS--GENERAL INFORMATION | |
| fixed length control field | 030617s2002 enk f b 000 1 eng d |
| 020 ## - INTERNATIONAL STANDARD BOOK NUMBER | |
| International Standard Book Number | 9780140447644 (pbk.) |
| 040 ## - CATALOGING SOURCE | |
| Original cataloging agency | UKM |
| Language of cataloging | eng |
| Description conventions | rda |
| Transcribing agency | UKM |
| Modifying agency | EMU |
| -- | OCLCQ |
| -- | DLC |
| -- | EG-ScBUE |
| -- | EG-ScBUE |
| 041 1# - LANGUAGE CODE | |
| Language code of text/sound track or separate title | eng |
| Language code of original and/or intermediate translations of text | fre |
| 082 04 - DEWEY DECIMAL CLASSIFICATION NUMBER | |
| Classification number | 843.7 |
| Item number | STE |
| Edition number | 22 |
| 100 0# - MAIN ENTRY--PERSONAL NAME | |
| Personal name | Stendhal, |
| Dates associated with a name | 1783-1842, |
| Relator term | author. |
| 9 (RLIN) | 39317 |
| 240 10 - UNIFORM TITLE | |
| Uniform title | <a href="Rouge et le noir.">Rouge et le noir.</a> |
| Language of a work | English |
| 245 14 - TITLE STATEMENT | |
| Title | The red and the black / |
| Statement of responsibility, etc | Stendhal ; translated with an introduction and notes by Roger Gard. |
| 264 #1 - PUBLICATION, DISTRIBUTION, ETC. (IMPRINT) | |
| Place of publication, distribution, etc | London : |
| Name of publisher, distributor, etc | Penguin Books, |
| Date of publication, distribution, etc | 2002. |
| 300 ## - PHYSICAL DESCRIPTION | |
| Extent | xxix, [577] pages ; |
| Dimensions | 20 cm. |
| 336 ## - CONTENT TYPE | |
| Source | rdacontent |
| Content type term | text |
| Content type code | txt |
| 337 ## - MEDIA TYPE | |
| Source | rdamedia |
| Media type term | unmediated |
| Media type code | n |
| 338 ## - CARRIER TYPE | |
| Source | rdacarrier |
| Carrier type term | volume |
| Carrier type code | nc |
| 490 0# - SERIES STATEMENT | |
| Series statement | Penguin classics |
| 500 ## - GENERAL NOTE | |
| General note | "The text followed is that of the first edition of Le Rouge et le noir of November 1830"--P. xxvii. |
| 500 ## - GENERAL NOTE | |
| General note | First published in French 1830. |
| 500 ## - GENERAL NOTE | |
| General note | Includes appendix. |
| 504 ## - BIBLIOGRAPHY, ETC. NOTE | |
| Bibliography, etc | Includes bibliographical references. |
| 546 ## - LANGUAGE NOTE | |
| Language note | Text in English ; translated from the original French. |
| 650 #7 - SUBJECT ADDED ENTRY--TOPICAL TERM | |
| Topical term or geographic name as entry element | Young men |
| Geographic subdivision | France |
| Form subdivision | Fiction. |
| Source of heading or term | BUEsh |
| 651 #7 - SUBJECT ADDED ENTRY--GEOGRAPHIC NAME | |
| Geographic name | France |
| General subdivision | Social life and customs |
| Chronological subdivision | 19th century |
| Form subdivision | Fiction. |
| Source of heading or term | BUEsh |
| 9 (RLIN) | 33934 |
| 653 ## - INDEX TERM--UNCONTROLLED | |
| Arrived date list | July2015 |
| -- | February2016 |
| Resource For college | Humanities: English |
| 655 ## - INDEX TERM--GENRE/FORM | |
| Form subdivision | Reading book |
| 9 (RLIN) | 34232 |
| 700 1# - ADDED ENTRY--PERSONAL NAME | |
| Personal name | Gard, Roger, |
| Relator term | translator, |
| -- | author of introduction, etc. |
| 942 ## - ADDED ENTRY ELEMENTS (KOHA) | |
| Source of classification or shelving scheme | Dewey Decimal Classification |
| Koha item type | Book - Borrowing |
| Withdrawn status | Lost status | Source of classification or shelving scheme | Damaged status | Not for loan | Collection code | Home library | Current library | Shelving location | Date acquired | Source of acquisition | Cost, normal purchase price | Serial Enumeration / chronology | Total Checkouts | Total Renewals | Full call number | Barcode | Date last seen | Date checked out | Cost, replacement price | Koha item type |
|---|---|---|---|---|---|---|---|---|---|---|---|---|---|---|---|---|---|---|---|---|
| Dewey Decimal Classification | Baccah | Central Library | Central Library | Second Floor | 05/07/2015 | Purchase | 71.00 | 22353 | 2 | 2 | 843.7 STE | 000039430 | 20/10/2025 | 20/10/2025 | 89.00 | Book - Borrowing |